| 000 | 00450nam a22001577a 4500 | ||
|---|---|---|---|
| 005 | 20251108164248.0 | ||
| 008 | 250721s1958 xx 000 0 ara d | ||
| 082 | 1 | 4 | _a920/محم |
| 100 | 1 | _aخفاجي، محمد عبد المنعم | |
| 245 | 1 | 0 | _aمن تاريخنا المعاصر / |
| 264 | 1 |
_aالنجف الأشرف : _bمكتبة النجاح، _c1958. |
|
| 300 | _a405 ص | ||
| 650 | 1 | 7 | _aالتراجم |
| 942 |
_2ddc _cBK |
||
| 999 |
_c7766 _d7766 |
||